| 000 | 01658nam a2200421 i 4500 | ||
|---|---|---|---|
| 001 | 125870 | ||
| 003 | FlNmELB | ||
| 005 | 20241217175852.0 | ||
| 006 | m o d | | ||
| 007 | cr cnu|||||||| | ||
| 008 | 170614s2017 ag ob 001 0 spa d | ||
| 035 | _a(MiAaPQ)EBC4849469 | ||
| 035 | _a(Au-PeEL)EBL4849469 | ||
| 035 | _a(CaPaEBR)ebr11379001 | ||
| 035 | _a(OCoLC)1009113335 | ||
| 040 |
_aFINmELB _bspa _erda _cFINmELB |
||
| 050 | 4 |
_aQA304 _bP944 2017 |
|
| 080 | _a51 | ||
| 082 | 0 |
_a515.33 _223 |
|
| 100 | 1 | _aPérez Milanés, Lorenzo. | |
| 245 | 1 | 0 |
_aAplicaciones del cálculo diferencial a la propagación de cotas de errores en las mediciones indirectas, en el trabajo experimental de la disciplina de física general / _cLorenzo Pérez Milanés. |
| 264 | 1 |
_aBuenos Aires : _bEl Cid Editor, _c2017. |
|
| 300 | _a1 recurso en línea (18 páginas sin numerar) | ||
| 336 |
_atexto _btxt _2rdacontent/spa |
||
| 337 |
_acomputadora _bc _2rdamedia/spa |
||
| 338 |
_arecurso en línea _bcr _2rdacarrier/spa |
||
| 500 | _aIncluye índice. | ||
| 504 | _aContiene bibliografía. | ||
| 588 | _aDescripción basada en recurso en línea; Título de la página del título en PDF (e-libro, visto June 14, 2017). | ||
| 590 | _aRecurso electronico. Santa Fe, Arg. : e-libro, 2016. Disponible via World Wide Web. El acceso puede ser limitado para las bibliotecas afiliadas a e-libro. | ||
| 650 | 0 | _aPhysics. | |
| 650 | 4 | _aFísica. | |
| 650 | 0 | _aDifferential calculus. | |
| 650 | 4 | _aCálculo diferencial. | |
| 655 | 4 | _aLibros electrónicos. | |
| 797 | 2 | _ae-libro, Corp. | |
| 856 | 4 | 0 | _uhttps://elibro.net/ereader/politecnicointernacional/35295 |
| 999 |
_c125870 _d125870 |
||